书目信息 |
| 题名: |
北京封闭妓院纪实
|
|
| 作者: | ;北京市公安局 编 | |
| 分册: | ||
| 出版信息: | 北京 中国和平出版社 1988.10 |
|
| 页数: | 326页 | |
| 开本: | 19cm | |
| 丛书名: | ||
| 单 册: | ||
| 中图分类: | D693.9 , D631.1 , I25 | |
| 科图分类: | ||
| 主题词: | 卖淫问题--中国--民国--史料 , 报告文学--中国 , 传记文学--中国 | |
| 电子资源: | ||
| ISBN: | 7-80037-140-9 | |
| 000 | 00839nam0 2200265 450 | |
| 001 | 1562639794 | |
| 005 | 20150119172424.68 | |
| 010 | @a7-80037-140-9@dCNY3.40 | |
| 100 | @a20130329d1988 m y0chiy0110 ea | |
| 101 | 0 | @achi |
| 102 | @aCN@b110000 | |
| 105 | @af z 000yy | |
| 200 | 1 | @a北京封闭妓院纪实@9bei jing feng bi ji yuan ji shi@f北京市公安局编 |
| 210 | @a北京@c中国和平出版社@d1988.10 | |
| 215 | @a326页@c照片@d19cm | |
| 330 | @a本书真实地记录了北京封闭妓院、解放和改造妓女的全过程,描绘出妓女们在旧社会的悲惨遭遇和她们获得的新生。 | |
| 606 | 0 | @a卖淫问题@y中国@z民国@x史料 |
| 606 | 0 | @a报告文学@x中国 |
| 606 | 0 | @a传记文学@x中国 |
| 690 | @aD693.9@v1980 | |
| 690 | @aD631.1@v1980 | |
| 690 | @aI25@v4 | |
| 711 | 02 | @a北京市公安局@9bei jing shi gong an ju@4编 |
| 801 | 0 | @aCN@bTSSF@c20150115 |
| 905 | @aZUCC@dI25@eJY22 | |
| 北京封闭妓院纪实/北京市公安局编.-北京:中国和平出版社,1988.10 |
| 326页:照片;19cm |
| ISBN 7-80037-140-9:CNY3.40 |
| 本书真实地记录了北京封闭妓院、解放和改造妓女的全过程,描绘出妓女们在旧社会的悲惨遭遇和她们获得的新生。 |
| ● |
| 相关链接 |
|
|
|
|
正题名:北京封闭妓院纪实
索取号:I25/JY22
 
预约/预借
| 序号 | 登录号 | 条形码 | 馆藏地/架位号 | 状态 | 备注 |
| 1 | 7835840 | 278358402 | 学院路分馆/ [索取号:I25/JY22] | 在馆 |